| 000 | 00544nam a2200193 a 4500 | ||
|---|---|---|---|
| 005 | 20230829063540.0 | ||
| 008 | 040318s2000 mx r 000 0 spa d | ||
| 020 | _a8484650340 | ||
| 035 | _aUPN01000132724 | ||
| 049 | _aCG | ||
| 050 | 4 |
_aRM735 _bG6.3 |
|
| 100 | 1 | _aGómez Tolón, Jesús | |
| 245 | 0 |
_aHabilidades y destrezas en terapia ocupacional / _cJesús Gómez Tolón. |
|
| 260 |
_aZaragoza, Esp. : _bMira, _c2000. |
||
| 300 |
_a155 p. : _bil. |
||
| 440 | 0 | _aPsicopedagogía | |
| 650 | 2 |
_aTerapia ocupacional _919286 |
|
| 905 | _aLibro | ||
| 999 |
_c104878 _d104878 |
||